| 000 | 01262camaa2200361Mi 4500 | ||
|---|---|---|---|
| 001 | 93682 | ||
| 005 | 20230410132933.0 | ||
| 008 | 871005m19779999sp 000 0 spa d | ||
| 035 | _a(OCoLC)ocn434309148 | ||
| 040 |
_aBNM _erdc _bspa _cBNM _dESUDE |
||
| 016 | 7 |
_abimoBNE19910019897 _2SpMaBN |
|
| 050 | 1 | 4 |
_aB 171 _iB582 1977 |
| 082 | 0 | 0 | _a938.07092 |
| 049 | _aGRAL | ||
| 100 | 1 | _aCurcio Rufo, Quinto. | |
| 130 | 1 | _aBiblioteca Clásica Gredos | |
| 245 | 1 | 0 |
_aHistoria de Alejandro Magno / _cQuinto Curcio Rufo ; Introducción, traducción y notas de Francisco Pejenaute Rubio. |
| 260 |
_aMadrid : _bEditorial Gredos, _c1977. |
||
| 300 |
_a618 p. ; _c20 cm. |
||
| 440 | 1 |
_aBiblioteca Clásica Gredos ; _v96 |
|
| 500 | _aTraducido de: Historia Alexandri Magni | ||
| 600 | 0 | 0 | _aAlexander, the Great, 356 B.C.-323 B.C. |
| 651 | 0 |
_aGreece _xHistory _yMacedonian Expansion, 359-323 B.C. |
|
| 651 | 0 |
_aGreece _xKings and rulers _vBiography _yEarly works to 1800. |
|
| 600 | 0 | 4 |
_aAlejandro Magno, _d356-323 a.de J. C. |
| 600 | 0 | 4 |
_aAlejandro Magno _xBiografia. |
| 651 | 4 |
_aGrecia _xHistoria. |
|
| 650 | 0 | _aPhilosophy, Classical. | |
| 650 | 0 | _aPhilosophy, Ancient. | |
| 700 | 1 |
_aPejenaute Rubio, Francisco _d1932- |
|
| 942 |
_2lcc _cbk |
||
| 994 |
_aC0 _bDRFGD |
||
| 999 |
_c90499 _d90499 |
||